000
00274nam a22001217a 4500
008
180801b xxu||||| |||| 00| 0 eng d
082
_a
813.52
245
_a
Children's Encyclopedia
_c
Eyewitness
260
_c
1
300
_a
1
_f
CD
440
_x
0789422336
942
_2
ddc
_c
MX
999
_c
46698
_d
46698